[Event "Tarragona Province-chA"]
[Site "Tarragona"]
[Date "2008.05.03"]
[Round "3"]
[White "Luke Brezmes, Cristofer"]
[Black "Belles Garcia, Vicente"]
[Result "1-0"]
[WhiteElo "2000"]
[BlackElo "2133"]
[PlyCount "69"]
[EventDate "2008.04.19"]
[EventType "swiss"]
[EventRounds "8"]
[EventCountry "ESP"]
[SourceTitle "EXT 2019"]
[Source "ChessBase"]
[SourceDate "2018.10.10"]
[SourceVersion "1"]
[SourceVersionDate "2018.10.10"]
[SourceQuality "1"]

1. e4 c6 2. d4 d5 3. Nc3 dxe4 4. Nxe4 Nf6 5. Nxf6+ gxf6 6. c3 Bf5 7. Ne2 Nd7 8. Ng3 Bg6 9. h4 h5 10. Be2 Qa5 11. b4 Qd5 12. 0-0 0-0-0 13. Be3 Nb6 14. a4 Nc4 15. b5 Nxe3 16. fxe3 Bh6 17. Bf3 Bxe3+ 18. Kh1 Qd6 19. Qe1 Bd2 20. Qxd2 Qxg3 21. bxc6 Qxh4+ 22. Kg1 Be4 23. cxb7+ Kb8 24. Bxe4 Qxe4 25. Rae1 Qc6 26. Rxe7 Rhg8 27. Rxf7 Rg6 28. Rf2 Qe6 29. Qf4+ Rd6 30. Rb2 Rg8 31. c4 Rgd8 32. Rh7 h4 33. Rxh4 Qe1+ 34. Kh2 Qe6 35. c5 1-0

[Event "Tarragona-ch"]
[Site "Tarragona"]
[Date "2003.??.??"]
[Round "7"]
[White "Gonzalez Freixas, Albert"]
[Black "Belles Garcia, Vicente"]
[Result "1-0"]
[WhiteElo "2250"]
[BlackElo "2155"]
[PlyCount "95"]
[EventDate "2003.??.??"]
[EventType "swiss"]
[EventRounds "9"]
[EventCountry "ESP"]
[SourceTitle "EXT 2007"]
[Source "ChessBase"]
[SourceDate "2006.11.23"]
[SourceVersion "1"]
[SourceVersionDate "2006.11.23"]
[SourceQuality "1"]

1. d4 Nf6 2. Nc3 d5 3. e4 e6 4. Bg5 dxe4 5. f3 e3 6. Bd3 Be7 7. Nge2 Nd5 8. Bxe7 Qxe7 9. Nxd5 exd5 10. 0-0 Nd7 11. Re1 0-0 12. Ng3 Re8 13. Nf5 Qf6 14. Nxe3 Nf8 15. c3 c6 16. Re2 Bd7 17. Qb3 Re7 18. Rae1 Rae8 19. Qxb7 h5 20. Nd1 Rxe2 21. Rxe2 Rxe2 22. Bxe2 g5 23. Qb8 Kg7 24. Nf2 Bf5 25. Nd3 Bxd3 26. Bxd3 Qe6 27. Kf2 a5 28. Qg3 Kh6 29. h4 f6 30. hxg5+ fxg5 31. Qe5 Qxe5 32. dxe5 Nd7 33. e6 Nf6 34. b4 axb4 35. cxb4 Kg7 36. b5 cxb5 37. Bxb5 Kf8 38. a4 d4 39. a5 Nd5 40. a6 Ke7 41. a7 Nb6 42. Bd7 Kd6 43. Ke2 g4 44. fxg4 hxg4 45. Kd3 Kc7 46. Kxd4 g3 47. Bb5 Kd6 48. Bc4 1-0

[Event "Tarragona-ch"]
[Site "Tarragona"]
[Date "2003.??.??"]
[Round "3"]
[White "Salvat Duch, Carlos Enric"]
[Black "Belles Garcia, Vicente"]
[Result "0-1"]
[WhiteElo "1990"]
[BlackElo "2155"]
[PlyCount "58"]
[EventDate "2003.??.??"]
[EventType "swiss"]
[EventRounds "9"]
[EventCountry "ESP"]
[SourceTitle "EXT 2007"]
[Source "ChessBase"]
[SourceDate "2006.11.23"]
[SourceVersion "1"]
[SourceVersionDate "2006.11.23"]
[SourceQuality "1"]

1. e4 c6 2. d4 d5 3. e5 Bf5 4. c4 e6 5. cxd5 Qxd5 6. Nc3 Bb4 7. a3 Qe4+ 8. Be3 Bxc3+ 9. bxc3 Nd7 10. Ne2 Qc2 11. Qxc2 Bxc2 12. Ng3 Ne7 13. Be2 Nf5 14. Nxf5 Bxf5 15. 0-0 0-0 16. f4 Nb6 17. g4 Be4 18. f5 Bd5 19. f6 g6 20. h4 Bc4 21. Rf2 Bxe2 22. Rxe2 Rfd8 23. Rh2 Nc4 24. Bh6 c5 25. h5 cxd4 26. hxg6 fxg6 27. f7+ Kxf7 28. Rf1+ Kg8 29. Rhf2 Ne3 0-1

[Event "Tarragona Province-ch 45th"]
[Site "Tarragona"]
[Date "2002.11.17"]
[Round "7"]
[White "Fernandez Alonso, Miquel A"]
[Black "Belles Garcia, Vicente"]
[Result "0-1"]
[WhiteElo "2210"]
[BlackElo "2155"]
[PlyCount "72"]
[EventDate "2002.11.02"]
[EventType "swiss"]
[EventRounds "8"]
[EventCountry "ESP"]
[SourceTitle "CBM 091 Extra"]
[Source "ChessBase"]
[SourceDate "2003.01.09"]
[SourceVersion "1"]
[SourceVersionDate "2003.01.09"]
[SourceQuality "1"]

1. d4 Nf6 2. Bg5 c6 3. Bxf6 exf6 4. Nf3 d5 5. Nbd2 Bd6 6. e3 0-0 7. Be2 Nd7 8. c4 f5 9. 0-0 Nf6 10. cxd5 cxd5 11. g3 Qe7 12. Bd3 Ne4 13. Qb3 Be6 14. Rac1 g5 15. Nb1 g4 16. Nh4 f4 17. exf4 Bxf4 18. Bxe4 dxe4 19. d5 Bxc1 20. dxe6 Bg5 21. exf7+ Qxf7 22. Qd1 h5 23. Nc3 e3 24. fxe3 Bxe3+ 25. Kg2 Qxf1+ 26. Qxf1 Rxf1 27. Kxf1 Bd4 28. Ng6 Bxc3 29. bxc3 Kg7 30. Nf4 Rf8 31. Ke2 Rxf4 32. gxf4 Kf6 33. Ke3 Kf5 34. c4 b6 35. a4 h4 36. a5 h3 0-1